Hướng dẫn sử dụng kế toán doanh nghiệp trên mocrosoft excel dành cho CEO (giám đốc điều hành)
Gồm 12 chương, tập trung vào các pivot table và các hàm dữ liệu excel cao cấp, hướng dẫn những thuật ngữ cơ bản về excel, các thao tác đơn giản để tạo, lưu, mở và đóng các trang bảng tính, các thủ thuật, tổ hợp phím, cách thức quản lý dữ...
Na minha lista:
| Autor principal: | |
|---|---|
| Formato: | Livro |
| Idioma: | Undetermined |
| Publicado em: |
[Thanh Hóa]
Hồng Đức
2012
|
| Assuntos: | |
| Tags: |
Adicionar Tag
Sem tags, seja o primeiro a adicionar uma tag!
|
| Thư viện lưu trữ: | Trung tâm Học liệu Trường Đại học Cần Thơ |
|---|
| LEADER | 01098nam a2200217Ia 4500 | ||
|---|---|---|---|
| 001 | CTU_180594 | ||
| 008 | 210402s9999 xx 000 0 und d | ||
| 020 | |c 56000 | ||
| 082 | |a 657.0285 | ||
| 082 | |b V115 | ||
| 100 | |a Ngọc, Khoa Văn | ||
| 245 | 0 | |a Hướng dẫn sử dụng kế toán doanh nghiệp trên mocrosoft excel dành cho CEO (giám đốc điều hành) | |
| 245 | 0 | |c Ngọc Khoa Văn | |
| 260 | |a [Thanh Hóa] | ||
| 260 | |b Hồng Đức | ||
| 260 | |c 2012 | ||
| 520 | |a Gồm 12 chương, tập trung vào các pivot table và các hàm dữ liệu excel cao cấp, hướng dẫn những thuật ngữ cơ bản về excel, các thao tác đơn giản để tạo, lưu, mở và đóng các trang bảng tính, các thủ thuật, tổ hợp phím, cách thức quản lý dữ liệu... dành cho CEO. | ||
| 650 | |a Accounting,Kế toán | ||
| 650 | |x Data processing,Xử lý dữ liệu | ||
| 910 | |a Nguyên | ||
| 980 | |a Trung tâm Học liệu Trường Đại học Cần Thơ | ||